书目信息 |
| 题名: |
初级会计实务通关题库
|
|
| 作者: | ;财政部 , 全国会计资格考试辅导用书编写组 编 | |
| 分册: | ||
| 出版信息: | 北京 经济科学出版社 2020 |
|
| 页数: | 262页 | |
| 开本: | 26cm | |
| 丛书名: | 中财传媒版2021年度全国会计专业技术资格考试辅导系列丛书 | |
| 单 册: | ||
| 中图分类: | F233-44 | |
| 科图分类: | ||
| 主题词: | 会计实务--hui ji shi wu--资格考试--题库 | |
| 电子资源: | ||
| ISBN: | 978-7-5218-1908-3 | |
| 000 | 01305oam2 2200277 450 | |
| 001 | 2161459777 | |
| 005 | 20210930094231.0 | |
| 010 | @a978-7-5218-1908-3@dCNY58.00 | |
| 100 | @a20201125d2020 em y0chiy0120 ea | |
| 101 | 0 | @achi |
| 102 | @aCN@b110000 | |
| 105 | @ay q 000yy | |
| 106 | @ar | |
| 200 | 1 | @a初级会计实务通关题库@Achu ji hui ji shi wu tong guan ti ku@f财政部中财传媒, 全国会计资格考试辅导用书编写组编 |
| 210 | @a北京@c经济科学出版社@d2020 | |
| 215 | @a262页@d26cm | |
| 225 | 2 | @a中财传媒版2021年度全国会计专业技术资格考试辅导系列丛书@Azhong cai chuan mei ban 2021nian du quan guo hui ji zhuan ye ji shu zi ge kao shi fu dao xi lie cong shu@i注定会赢 |
| 330 | @a本书共八章内容,每章包括重难点分析、基本内容框架、基础训练、基础训练参考答案及解析、提高演练、提高演练参考答案及解析六个栏目,突出对教材知识点的练习,配以大量的经典练习题,题目全面覆盖知识点。 | |
| 461 | 0 | @12001 @a中财传媒版2021年度全国会计专业技术资格考试辅导系列丛书 |
| 462 | 0 | @12001 @a注定会赢 |
| 606 | 0 | @a会计实务@Ahui ji shi wu@x资格考试@j题库 |
| 690 | @aF233-44@v5 | |
| 711 | 02 | @a财政部@Acai zheng bu@b中国财经出版传媒集团@4编 |
| 711 | 02 | @a全国会计资格考试辅导用书编写组@Aquan guo hui ji zi ge kao shi fu dao yong shu bian xie zu@4编 |
| 801 | 0 | @aCN@b百万庄@c20210929 |
| 905 | @b1302770-73@dF233-44@e655@f4 | |
| 初级会计实务通关题库/财政部中财传媒, 全国会计资格考试辅导用书编写组编.-北京:经济科学出版社,2020 |
| 262页;26cm.-(中财传媒版2021年度全国会计专业技术资格考试辅导系列丛书.注定会赢) |
| ISBN 978-7-5218-1908-3:CNY58.00 |
| 本书共八章内容,每章包括重难点分析、基本内容框架、基础训练、基础训练参考答案及解析、提高演练、提高演练参考答案及解析六个栏目,突出对教材知识点的练习,配以大量的经典练习题,题目全面覆盖知识点。 |
| ● |
| 相关链接 |
|
|
|
|
正题名:初级会计实务通关题库
索取号:F233-44/655
 
预约/预借
| 序号 | 登录号 | 条形码 | 馆藏地/架位号 | 状态 | 备注 |
| 1 | 1302770 | 213027703 | 第一样本阅览室/ [索取号:F233-44/655] | 在馆 | |
| 2 | 1302771 | 213027712 | 第一借阅区/ [索取号:F233-44/655] | 在馆 | |
| 3 | 1302772 | 213027721 | 第一借阅区/ [索取号:F233-44/655] | 在馆 | |
| 4 | 1302773 | 213027730 | 第一借阅区/ [索取号:F233-44/655] |
已借出,限还日期为2025.03.16 借出人:尹依明 |